| 000 | 00390nam a2200157Ia 4500 | ||
|---|---|---|---|
| 008 | 220204s9999 xx 000 0 und d | ||
| 082 |
_a581.2 _bWHE |
||
| 100 | _aWHEELER, B E J | ||
| 245 | 0 | _aIntroduction to plant diseases. | |
| 260 |
_aLondon _bELBS _c1969 |
||
| 650 | _aDisease control | ||
| 650 | _aDowny mildew fungi | ||
| 650 | _aLeafspot | ||
| 650 | _aPlant disease | ||
| 942 | _cBK | ||
| 999 |
_c23619 _d23619 |
||